000 00450nam a2200145 i 4500
001 49324
003 ES-MaACL
007 t|
008 030714s1953 sp ||||1| spa d
100 1 _aCortés Salido, Juan.
_940902
245 1 3 _aEl toreo por dentro
_b: (recuerdos de mis años de empresario) /
_cJuan Cortés Salido.
260 _aMálaga :
_b[s.n.],
_c1953 (
_fDardo)
300 _a200 p., 12 lám. ;
_c22 cm.
852 _aES-MaACL
_jC-5781
_bR.35365
999 _c49324
_d49324